| 000 | 01300cam a2200337 a 4500 | ||
|---|---|---|---|
| 999 |
_c10861 _d10861 |
||
| 001 | 4503960 | ||
| 003 | OSt | ||
| 005 | 20191224114208.0 | ||
| 008 | 980226s1997 ii b 001 0 eng | ||
| 010 | _a 97914023 | ||
| 020 | _a9780195652048 | ||
| 025 | _aI-E-97-914023; 81-13 | ||
| 040 |
_aDLC _cDLC _dDLC |
||
| 042 | _alcode | ||
| 043 | _aa-ii--- | ||
| 050 | 0 | 0 |
_aHJ1334 _b.P83 1997 |
| 082 | 0 | 0 |
_a336.54 _221 _bMUN/P |
| 245 | 0 | 0 |
_aPublic finance : _bpolicy issues for India / _cedited by Sudipto Mundle. |
| 260 |
_aDelhi ; _aNew York : _bOxford University Press, _c1997. |
||
| 300 |
_a312 p. ; _c22 cm. |
||
| 440 | 0 |
_aOxford in India readings. _pThemes in economics |
|
| 504 | _aIncludes bibliographical references (p. [299]-306) and indexes. | ||
| 650 | 0 |
_aFiscal policy _zIndia. |
|
| 650 | 0 |
_aFinance, Public _zIndia. |
|
| 651 | 0 |
_aIndia _xEconomic policy _y1991- |
|
| 700 |
_aMundle, Sudipto _9681 |
||
| 856 | 4 | 2 |
_3Publisher description _uhttp://www.loc.gov/catdir/enhancements/fy0635/97914023-d.html |
| 906 |
_a7 _bcbc _corigode _d3 _encip _f19 _gy-gencatlg |
||
| 942 |
_2ddc _cBK _h336.54 _iMUN/P _k336.54 _mMUN/P |
||